000 00484nam a22001937a 4500
003 MPLRDC
005 20220104142358.0
008 210129b ||||| |||| 00| 0 eng d
020 _a7-5332-0553-7
082 _a682.82 HHCS v.8
100 _a郭墨兰主编
245 _a黄河风云录
_c
250 _a一版一刷
260 _a
_b明天出版社
_c1989
300 _b
490 _a黄河丛书
650 _a中国江河及巨迫--黄河
942 _cBK
_o682.82 HHCS v.8
999 _c30383
_d30373